| 000 | 00746 a2200229 4500 | ||
|---|---|---|---|
| 999 |
_c13031 _d13031 |
||
| 003 | OSt | ||
| 005 | 20250206172848.0 | ||
| 008 | 250206b ||||| |||| 00| 0 eng d | ||
| 020 |
_a978-93-5813-651-7 _qv1 |
||
| 020 |
_a978-93-5786-491-6 _qv2 |
||
| 020 |
_a978-93-5701-325-3 _qv3 |
||
| 020 |
_a978-93-5912-792-7 _qv4 |
||
| 020 |
_a978-93-5914-852-6 _qv5 |
||
| 040 |
_aBMSCA _cBMSCA |
||
| 082 |
_a747 _bMAL |
||
| 100 | _aMalpani, Harish H | ||
| 245 | _aMaterials of Interior Designing | ||
| 260 |
_aNew Delhi _bCouncil of Architecture (CoA) _c2024 |
||
| 300 |
_av.5;153 pages; _c21 x 30 cm |
||
| 500 | _aContents: v.1. Trees & Timber--- v.2. Decorative Wood Veneer v.3. Plywoods--- v.4. Decorative Laminates --- v.5. Glass | ||
| 942 |
_2ddc _cUG |
||